000 01094cam a2200289 4500
001 J107432
008 000000n2000 000 0 eng u
035 _a(Sirsi) u107432
041 _aeng
050 _a346.41043
_c18
100 _aWood, Derek
245 _a25th anniversary series Blundell lectures
_btopical issues in property - unfair terms in property transactions
260 _aLondon
_bLaw Society
_c2000
300 _a24p.
_c30cm.
350 _a25
490 _aBlundell Lectures
520 _aThis paper summarises the different ways in which the courts have asserted or been given a power to refuse to enforce contracts concerning interests in land, or individual terms of such contracts, on the ground that they are unfair. Discusses relevant case law, UK legislation, and European law.
650 _aPROPERTY TRANSACTIONS
650 _aCONTRACT LAW
650 _aUNFAIR TERMS
650 _aLAND TRANSACTIONS
650 _aUNFAIR CONTRACT TERMS ACT 1977
650 _aDIRECTIVE 93/13/EEC
690 _aPROPERTY
700 _aLivingstone, Dorothy
942 _n0
999 _c100693
_d100693